000 00889nam a2200289 a 4500
001 000110507
003 CHAP
005 20220329144136.0
008 140905s2010 mx |r| ||||||spa d
010 _a106969
011 _a107941
020 _a9786079017293
040 _cCHAP
082 0 4 _a972.015
_bL53
100 1 _aLeirana Alcocer, Silvia Cristina
_9128301
245 0 _aCatálogo de textos Mayas publicados entre 1990 y 2009 :
_b(bibliografía comentada) /
_cpor Silvia Cristina Leirana Alcocer.
260 _a[Yucatan, Méx.] :
_bInstituto de Cultura de Yucatán,
_c2010.
300 _a211 p.
590 _aE5995AHE
_b05
_c20140905
_lUCH01
_h1013
590 _aE5995AHE
_b05
_c20140905
_lUCH01
_h1018
650 1 4 _aMaya
_xTextos.
_9128302
650 1 4 _aMayas
_xBibliografía.
_9128303
650 1 4 _aMayas
_xFolclore.
_9128304
901 _aBK
942 _cLIBRO
942 _n0
999 _c106969
_d106969